Văn hóa rượu

Guardat en:
Dades bibliogràfiques
Autor principal: Thái Lương
Format: Llibre
Idioma:Undetermined
Publicat: Hà Nội Văn hoá Thông tin 2003
Matèries:
Etiquetes: Afegir etiqueta
Sense etiquetes, Sigues el primer a etiquetar aquest registre!
Thư viện lưu trữ: Trung tâm Học liệu Trường Đại học Cần Thơ
LEADER 00516nam a2200193Ia 4500
001 CTU_64547
008 210402s9999 xx 000 0 und d
020 |b 30000 
082 |a 394.13 
082 |b Th103 
100 |a Thái Lương 
245 0 |a Văn hóa rượu 
245 0 |c Thái Lương 
260 |a Hà Nội 
260 |b Văn hoá Thông tin 
260 |c 2003 
650 |a Manners and customs,Drinking of 
904 |i Năm 
980 |a Trung tâm Học liệu Trường Đại học Cần Thơ